| 000 | 00910 a2200181 4500 | ||
|---|---|---|---|
| 008 | 100812t xxu||||| |||| 00| 0 eng d | ||
| 020 | _a9780138158088 | ||
| 100 | _aBarringer, Bruce R. | ||
| 245 |
_aEntrepreneurship: _bSuccessfully launching new ventures |
||
| 250 | _a3rd ed. | ||
| 260 |
_bPearson _c2010 _aNew York |
||
| 300 |
_a608p. _c28 cm. |
||
| 700 | _aIreland,Duane R. | ||
| 942 |
_cBK _2lcc |
||
| 999 |
_c36993 _d36993 |
||